000 00595cam a22002053a 4500
001 39403
003 PGUSA
005 20140828083857.0
008 120409s2012||||xxu|||||s|||||000 | eng d
040 _aPGUSA
_beng
042 _adc
100 1 _aGoolrick, John T.
245 1 0 _aHistoric Fredericksburg :
_bThe Story of an Old Town
_h[electronic resource] /
_cJohn T. Goolrick
260 _bProject Gutenberg,
_c2012
506 _aPublic domain in the USA.
516 _aElectronic text
830 0 _aProject Gutenberg
_v39403
856 4 0 _uhttp://www.gutenberg.org/ebooks/39403
942 _cEB
999 _c268656
_d268656